000 00738nam a22002057a 4500
999 _c13612
_d13612
003 AR-CdUCM
008 190415b ||||| |||| 00| 0 spa d
040 _aMUNICIPALIDAD PROVINCIAL DEL CUSCO
_cBIBLIOTECA MUNICIPAL DEL CUSCO
082 _aC / 869.56 /
_bC21 / 1987
100 _aMiranda Bernal, Julio
_9877
245 _aPrimera novela indigenista del Perú :
_bKcorichampi Lizandro Caller 1925 /
260 _aCusco :
_c1987.
300 _a270 páginas ;
_c21 cm.
505 _aContenido : Indigenismo y literatura indigenista -- Ambiente de la época -- El escenario -- El autor ...
650 _aindigenismo
_9208
650 _aLiteratura
_983
650 _aCusqueña
_928622
942 _2ddc
_cLIBROS
945 _arah
_d15/04/2019